000 00793nam a2200253Ia 4500
003 OSt
005 20220930075034.0
006 a|||||r|||| 00| 0
007 ta
008 220926b |||||||| |||| 00| 0 eng d
024 _a76791
037 _cTheses
040 _aCRL
_cCRL
_beng
041 _2eng
_aeng
100 _aHamid Reza Sadeghipour
_9535358
110 _aUniversity of Delhi. Faculty of Science. Department of Botany
245 0 _aLipolysis and related phototransductive events in the germinating sunflower seedlings
260 _c2002
650 _aBOTANY
700 _a Dr S C Bhatia Gu.
_9535359
700 _aUniversity of Delhi. Faculty of Science. Department of Botany
942 _cDIS
_2CC
999 _c867496
_d867496